<?xml version="1.0" encoding="UTF-8"?>
<record
    xmlns:xsi="http://www.w3.org/2001/XMLSchema-instance"
    xsi:schemaLocation="http://www.loc.gov/MARC21/slim http://www.loc.gov/standards/marcxml/schema/MARC21slim.xsd"
    xmlns="http://www.loc.gov/MARC21/slim">

  <leader>02696cam a2200313 a 4500</leader>
  <controlfield tag="001">16049455</controlfield>
  <controlfield tag="005">20110224104710.0</controlfield>
  <controlfield tag="008">100111s2010    enkab    bf   001 0 eng  </controlfield>
  <datafield tag="020" ind1=" " ind2=" ">
    <subfield code="a">9781844077366 (hardback)</subfield>
  </datafield>
  <datafield tag="020" ind1=" " ind2=" ">
    <subfield code="a">1844077365 (hardback)</subfield>
  </datafield>
  <datafield tag="040" ind1=" " ind2=" ">
    <subfield code="a">DLC</subfield>
    <subfield code="c">DLC</subfield>
    <subfield code="d">BTCTA</subfield>
    <subfield code="d">YDXCP</subfield>
    <subfield code="d">CDX</subfield>
    <subfield code="d">BWK</subfield>
    <subfield code="d">C#P</subfield>
    <subfield code="d">UKM</subfield>
    <subfield code="d">UBY</subfield>
    <subfield code="d">DLC</subfield>
  </datafield>
  <datafield tag="082" ind1="0" ind2="0">
    <subfield code="a">696.6</subfield>
    <subfield code="2">22</subfield>
    <subfield code="b">LAU</subfield>
  </datafield>
  <datafield tag="100" ind1="1" ind2=" ">
    <subfield code="a">Laughton, Chris.</subfield>
    <subfield code="9">28481</subfield>
  </datafield>
  <datafield tag="245" ind1="1" ind2="0">
    <subfield code="a">Solar domestic water heating :</subfield>
    <subfield code="b">the Earthscan expert handbook for planning, design, and installation /</subfield>
    <subfield code="c">Chris Laughton.</subfield>
  </datafield>
  <datafield tag="260" ind1=" " ind2=" ">
    <subfield code="a">London ;</subfield>
    <subfield code="a">Washington, DC :</subfield>
    <subfield code="b">Earthscan,</subfield>
    <subfield code="c">2010.</subfield>
  </datafield>
  <datafield tag="300" ind1=" " ind2=" ">
    <subfield code="a">v, 245 p. :</subfield>
    <subfield code="b">ill. (chiefly col.), col. maps ;</subfield>
    <subfield code="c">26 cm.</subfield>
  </datafield>
  <datafield tag="490" ind1="1" ind2=" ">
    <subfield code="a">Earthscan expert series</subfield>
    <subfield code="9">28482</subfield>
  </datafield>
  <datafield tag="504" ind1=" " ind2=" ">
    <subfield code="a">Includes bibliographical references and index.</subfield>
  </datafield>
  <datafield tag="505" ind1="0" ind2=" ">
    <subfield code="a">What is solar heating? -- Solar radiation and resources -- How solar DHW works -- Solar collectors -- Solar heating systems -- Additional components -- System layouts -- Designing a system -- Sizing system components -- Installation -- The economics of solar water heating -- Other types of solar heating -- Case studies.</subfield>
  </datafield>
  <datafield tag="520" ind1=" " ind2=" ">
    <subfield code="a">"Solar Domestic Water Heating is a comprehensive introduction to all aspects of solar domestic water heating systems. As fossil fuel prices continue to rise and awareness of climate change grows, interest in domestic solar water heating is expanding. Solar water heating technology is the most environmentally-friendly way to heat water. This fully-illustrated and easy-to-follow guide shows how domestic solar water heating systems work, the different types of systems, types of collectors, both flat plate and evacuated tube, types of storage tanks and other accessories. It also shows how systems are installed and explains how solar water heating can be integrated into existing water heating systems. Numerous examples from around the world have been included. The ideal guide for plumbers, heating engineers, builders and architects, housing and property developers, home owners and DIY enthusiasts, and anyone who needs a clear introduction to solar water heating technology."--Publisher's description.</subfield>
  </datafield>
  <datafield tag="650" ind1=" " ind2="0">
    <subfield code="a">Solar water heaters</subfield>
    <subfield code="v">Handbooks, manuals, etc.</subfield>
    <subfield code="9">28483</subfield>
  </datafield>
  <datafield tag="650" ind1=" " ind2="0">
    <subfield code="a">Dwellings</subfield>
    <subfield code="x">Heating and ventilation</subfield>
    <subfield code="v">Handbooks, manuals, etc.</subfield>
    <subfield code="9">28484</subfield>
  </datafield>
  <datafield tag="653" ind1=" " ind2=" ">
    <subfield code="b">Gen</subfield>
    <subfield code="c">January2012</subfield>
  </datafield>
  <datafield tag="710" ind1="2" ind2=" ">
    <subfield code="a">Earthscan.</subfield>
    <subfield code="9">28485</subfield>
  </datafield>
  <datafield tag="830" ind1=" " ind2="0">
    <subfield code="a">Earthscan expert series.</subfield>
    <subfield code="9">28486</subfield>
  </datafield>
  <datafield tag="942" ind1=" " ind2=" ">
    <subfield code="2">ddc</subfield>
    <subfield code="c">BB</subfield>
  </datafield>
  <datafield tag="999" ind1=" " ind2=" ">
    <subfield code="c">16359</subfield>
    <subfield code="d">16359</subfield>
  </datafield>
  <datafield tag="952" ind1=" " ind2=" ">
    <subfield code="0">0</subfield>
    <subfield code="1">0</subfield>
    <subfield code="2">ddc</subfield>
    <subfield code="4">0</subfield>
    <subfield code="7">0</subfield>
    <subfield code="8">Baccah</subfield>
    <subfield code="a">MAIN</subfield>
    <subfield code="b">MAIN</subfield>
    <subfield code="c">1ST</subfield>
    <subfield code="d">2012-01-31</subfield>
    <subfield code="e">purchase</subfield>
    <subfield code="g">387.00</subfield>
    <subfield code="h">13959</subfield>
    <subfield code="l">8</subfield>
    <subfield code="m">100</subfield>
    <subfield code="o">696.6 LAU</subfield>
    <subfield code="p">000025948</subfield>
    <subfield code="r">2025-07-15 00:00:00</subfield>
    <subfield code="s">2024-06-04</subfield>
    <subfield code="y">BB</subfield>
  </datafield>
</record>
